| 000 | 01360nam a2200229 a 4500 | ||
|---|---|---|---|
| 003 | DLC | ||
| 005 | 20251202121344.0 | ||
| 008 | 251202c1972 ne|mr|p|r|||| 00| 0 spa d | ||
| 022 | _a0018-1560 | ||
| 035 | _aUPN01000060560 | ||
| 040 |
_aMX-MxUPN _bspa _cMX-MxUPN _eaacr2 |
||
| 245 | 1 | 0 | _aHigher education |
| 260 |
_aHolanda : _bSpringer Science y Business Media, _c1972- |
||
| 310 | _aMensual | ||
| 510 | _aEbsco | ||
| 510 | _aEric | ||
| 520 | 1 | _aEs una publicación internacional líder dedicada a promover el conocimiento en el campo de los estudios de educación superior. Informa los avances educativos en universidades, politécnicos, escuelas superiores e instituciones de formación profesional de todo el mundo, abarcando tanto el sector público como el privado. Las contribuciones son revisadas por pares y provienen de académicos de todo el mundo, abordando los desafíos que enfrentan investigadores, docentes, líderes institucionales y legisladores en el sector de la educación superior. Como revista internacional, buscamos conectar perspectivas de diferentes sistemas y contextos educativos, y alentamos las contribuciones que sean relevantes para un público internacional o que promuevan el diálogo transnacional. | |
| 650 | 4 |
_aEducación superior _932 |
|
| 902 | _aGloria Jiménez/021225 | ||
| 905 | _aRevista | ||
| 942 | _cREV-I | ||
| 999 |
_c60306 _d60306 |
||